Eurovision Song Lyrics - Serbia - Statistics

General Stats
  • This quiz has been taken 48 times
  • The average score is 96 of 174
Answer Stats
Answer % Correct
I
94%
mi
89%
Samo
86%
samo
86%
(Samo
86%
se
86%
spava
86%
spava,
86%
spava)
86%
sleep
80%
just
77%
to
77%
when
77%
a
74%
A
74%
forever
71%
on
69%
wanna
69%
It
66%
it
66%
dream
63%
eyes
63%
fire
63%
me
63%
me?
63%
my
63%
over
63%
Baby,
60%
close
60%
game
60%
Game
60%
the
60%
watch
60%
world
60%
better
57%
da
57%
gori
57%
Gori,
57%
is
57%
like
57%
Na
57%
svet
57%
fighter
54%
all
51%
And
51%
choose
51%
control
51%
don't
51%
get
51%
taking
51%
Dok
49%
dok
49%
of
49%
Who's
49%
with
49%
Želim
49%
je,
43%
(Spavaj)
43%
Tako
43%
zauvek
43%
spavam
40%
sati
37%
noć
34%
ramenu
34%
večno
34%
beskonačni
31%
ih
31%
spati
31%
pobedim
29%
War,
29%
đavoli
26%
Halo?
26%
now)
26%
Razum
26%
ends
23%
Savest
23%
(This
23%
bez
20%
glad
20%
mrak
20%
(Ooh)
20%
(S-spava)
20%
nade
17%
traje
17%
kraj
14%
uh)
14%
(S-spavam)
11%
(S-spavaj)
6%
No matching quizzes found
Score Distribution
Percent of People with Each Score
Percentile by Number Answered
Your Score History
You have not taken this quiz